000
00190nam a2200097 4500
082
_a
BHE
100
_a
Bhel
245
_a
Transformers
260
_a
New Delhi:
_b
McGraw-Hill,
_c
1995.
942
_c
BK
999
_c
9325
_d
9325